|
|
|
|
| LEADER |
00000nam0a2200000 4500 |
| 001 |
117630 |
| 005 |
20231031123844.0 |
| 010 |
|
|
|a 9785769535802
|
| 035 |
|
|
|a (RuTPU)RU\TPU\book\127325
|
| 090 |
|
|
|a 117630
|
| 100 |
|
|
|a 20070605d2007 m y0rusy50 ca
|
| 101 |
0 |
|
|a rus
|
| 102 |
|
|
|a RU
|
| 105 |
|
|
|a y j 001zy
|
| 200 |
1 |
|
|a Основы маркетинга
|e учебное пособие
|f Н. И. Гавриленко
|
| 210 |
|
|
|a Москва
|c Академия
|d 2007
|
| 215 |
|
|
|a 320 с.
|
| 225 |
1 |
|
|a Высшее профессиональное образование: Экономика и управление
|
| 320 |
|
|
|a Список литературы: с. 315.
|
| 330 |
|
|
|a Раскрыты основные виды и направления маркетинговой деятельности организации (фирмы) в современных условиях. Дана краткая характеристика маркетинговой среды фирмы, направлений маркетинговых исследований, поведения потребителей, основных маркетинговых стратегий, планирования и контроля маркетинговой деятельности, формирования товарной, ценовой, сбытовой и коммуникационной политики фирмы. Для студентов высших учебных заведений. Может быть полезно широкому кругу предпринимателей, самостоятельно повышающих уровень своих экономических знаний.
|
| 610 |
1 |
|
|a экономика
|
| 610 |
1 |
|
|a управление
|
| 610 |
1 |
|
|a маркетинг
|
| 610 |
1 |
|
|a предприятия
|
| 610 |
1 |
|
|a фирмы
|
| 610 |
1 |
|
|a микросреда
|
| 610 |
1 |
|
|a маркетинговые исследования
|
| 610 |
1 |
|
|a потребители
|
| 610 |
1 |
|
|a рынок
|
| 610 |
1 |
|
|a сегментация
|
| 610 |
1 |
|
|a товары
|
| 610 |
1 |
|
|a услуги
|
| 610 |
1 |
|
|a конкурентоспособность
|
| 610 |
1 |
|
|a организационная структура
|
| 610 |
1 |
|
|a планирование
|
| 610 |
1 |
|
|a маркетинг-микс
|
| 610 |
1 |
|
|a ценовая политика
|
| 610 |
1 |
|
|a сбытовая политика
|
| 610 |
1 |
|
|a коммуникационная деятельность
|
| 610 |
1 |
|
|a реклама
|
| 610 |
1 |
|
|a сферы деятельности
|
| 610 |
1 |
|
|a учебные пособия
|
| 686 |
|
|
|a У9(2)212.4я73
|v LBC/SL-A
|2 rubbk
|
| 700 |
|
1 |
|a Гавриленко
|b Н. И.
|g Николай Иванович
|
| 801 |
|
1 |
|a RU
|b 63413507
|c 20070605
|g PSBO
|
| 801 |
|
2 |
|a RU
|b 63413507
|c 20150827
|g PSBO
|
| 900 |
|
|
|a Маркетинг
|
| 900 |
|
|
|a Маркетинговые исследования
|
| 900 |
|
|
|a Маркетинг фирмы (предприятия)
|
| 900 |
|
|
|a Маркетинг в отраслях и сферах деятельности
|
| 900 |
|
|
|a Маркетинговые коммуникации
|
| 900 |
|
|
|a Поведение потребителей
|
| 900 |
|
|
|a Основы рекламы
|
| 900 |
|
|
|a Основы маркетинга
|
| 942 |
|
|
|c BK
|
| 951 |
|
|
|b 080111
|
| 959 |
|
|
|a 47/20070604
|d 2
|e 250,00
|f АНЛ:1
|f ЧЗТЛ:1
|